00642 2200169 4500245011200000020002200112250001100134100001700145650004100162005001900203260004200222041001400264084001100278300002800289500014600317336000900463 aRahasia Bersikap Tenang Dalam Kondisi Apa pun b : Situasi Apa pun Dapat Kita TaklukkancSabrina ArahText a978-623-9137-85-4 aCet. 9 aSaabrina Ara aSituasi Apa pun Dapat Kita Taklukkan a20241016124051 aSemarangbAll Right is Reservedc2022 aIndonesia a155.25 axv, 119 hlm. :c19,4 cm aBuku ini mengupas tuntas 7 kunci bersikap tenang ketika menghadapi kondisi apa pun. Buku ini dapat membantu pembaca dalam mengembangkan diri. atext